000 00487nam a22001697a 4500
003 NUST - PNEC
005 20170116181042.0
008 150922b xxu||||| |||| 00| 0 eng d
020 _a0070238545
040 _cLIBRARY
082 _a005.133 GOT
100 _911629
_a Gottfried, Byron S
245 _aSchaum's outline of theory and problems of programming with C
_cByron S,Gottfried
260 _cc 1990
650 _911630
_aC (Computer program language)
_xGeneral
942 _2ddc
_cBK
999 _c68150
_d68150